Las multinacionales en america latina

সংরক্ষণ করুন:
গ্রন্থ-পঞ্জীর বিবরন
প্রধান লেখক: Russell II, Tribunal
বিন্যাস: গ্রন্থ
ভাষা:Undetermined
প্রকাশিত: [ Paris ] Editorial Cambio 1977
বিষয়গুলি:
ট্যাগগুলো: ট্যাগ যুক্ত করুন
কোনো ট্যাগ নেই, প্রথমজন হিসাবে ট্যাগ করুন!
Thư viện lưu trữ: Trung tâm Học liệu Trường Đại học Cần Thơ
LEADER 00559nam a2200193Ia 4500
001 CTU_83089
008 210402s9999 xx 000 0 und d
082 |a 382 
082 |b R961 
100 |a Russell II, Tribunal 
245 0 |a Las multinacionales en america latina 
245 0 |c Tribunal Russell II 
260 |a [ Paris ] 
260 |b Editorial Cambio 
260 |c 1977 
650 |a International business enterprises,Investments, foreign 
650 |z America 
904 |i QHieu(sửa) 
980 |a Trung tâm Học liệu Trường Đại học Cần Thơ